<?xml version="1.0" encoding="UTF-8"?>
<record
    xmlns:xsi="http://www.w3.org/2001/XMLSchema-instance"
    xsi:schemaLocation="http://www.loc.gov/MARC21/slim http://www.loc.gov/standards/marcxml/schema/MARC21slim.xsd"
    xmlns="http://www.loc.gov/MARC21/slim">

  <leader>01240nam a2200241 a 4500</leader>
  <controlfield tag="005">20160907085247.0</controlfield>
  <controlfield tag="008">160901s2010    sp ado||r|||| 00| 0 spa d</controlfield>
  <datafield tag="040" ind1=" " ind2=" ">
    <subfield code="a">CO-BoIAVH </subfield>
    <subfield code="c">CO-BoIAVH </subfield>
  </datafield>
  <datafield tag="041" ind1=" " ind2=" ">
    <subfield code="a">spa</subfield>
  </datafield>
  <datafield tag="044" ind1=" " ind2=" ">
    <subfield code="a">sp</subfield>
  </datafield>
  <datafield tag="082" ind1="0" ind2="4">
    <subfield code="a">577.54</subfield>
    <subfield code="b">C35e</subfield>
  </datafield>
  <datafield tag="100" ind1="1" ind2=" ">
    <subfield code="a">Castillo Monroy, Andrea del Pilar</subfield>
    <subfield code="e">autora</subfield>
  </datafield>
  <datafield tag="245" ind1="1" ind2="0">
    <subfield code="a">Ecolog&#xED;a funcional de la costra biol&#xF3;gica en ambientes semi&#xE1;ridos de la Pen&#xED;nsula Ib&#xE9;rica / </subfield>
    <subfield code="c">Andrea del Pilar Castillo Monroy ; director Fernando Tomas Maestre Gil</subfield>
  </datafield>
  <datafield tag="260" ind1=" " ind2=" ">
    <subfield code="a">Madrid, Espa&#xF1;a :</subfield>
    <subfield code="b">Universidad Rey Juan Carlos,</subfield>
    <subfield code="c">2010.</subfield>
  </datafield>
  <datafield tag="300" ind1=" " ind2=" ">
    <subfield code="a">194 p&#xE1;ginas : </subfield>
    <subfield code="b">ilustraciones a color, gr&#xE1;ficas, tablas y fotograf&#xED;as a color ; </subfield>
    <subfield code="c">25 x 17 cm.</subfield>
  </datafield>
  <datafield tag="502" ind1=" " ind2=" ">
    <subfield code="a">Trabajo para optar al t&#xED;tulo de Doctora por la Universidad Rey Juan Carlos.</subfield>
  </datafield>
  <datafield tag="650" ind1="2" ind2="6">
    <subfield code="a">Costra del suelo</subfield>
    <subfield code="z">Pen&#xED;nsula Ib&#xE9;rica</subfield>
    <subfield code="v">Tesis, disertaciones, etc.</subfield>
  </datafield>
  <datafield tag="650" ind1="2" ind2="6">
    <subfield code="a">Respiraci&#xF3;n del suelo</subfield>
    <subfield code="z">Pen&#xED;nsula Ib&#xE9;rica</subfield>
    <subfield code="v">Tesis, disertaciones, etc.</subfield>
  </datafield>
  <datafield tag="650" ind1="2" ind2="6">
    <subfield code="a">Ecosistemas</subfield>
    <subfield code="z">Pen&#xED;nsula Ib&#xE9;rica</subfield>
    <subfield code="v">Tesis, disertaciones, etc.</subfield>
  </datafield>
  <datafield tag="650" ind1="2" ind2="6">
    <subfield code="a">Ecolog&#xED;a</subfield>
    <subfield code="x">servicios de los ecosistemas</subfield>
    <subfield code="z">Pen&#xED;nsula Ib&#xE9;rica</subfield>
    <subfield code="v">Tesis, disertaciones, etc.</subfield>
  </datafield>
  <datafield tag="700" ind1="1" ind2=" ">
    <subfield code="a">Maestre Gil, Fernando Tomas</subfield>
    <subfield code="e">director</subfield>
  </datafield>
  <datafield tag="942" ind1=" " ind2=" ">
    <subfield code="2">ddc</subfield>
    <subfield code="c">LIBRO</subfield>
  </datafield>
  <datafield tag="999" ind1=" " ind2=" ">
    <subfield code="c">18993</subfield>
    <subfield code="d">18993</subfield>
  </datafield>
  <datafield tag="952" ind1=" " ind2=" ">
    <subfield code="0">0</subfield>
    <subfield code="1">0</subfield>
    <subfield code="2">ddc</subfield>
    <subfield code="4">0</subfield>
    <subfield code="7">0</subfield>
    <subfield code="8">GENERAL</subfield>
    <subfield code="I">INV2017</subfield>
    <subfield code="a">Bogota</subfield>
    <subfield code="b">Bogota</subfield>
    <subfield code="d">2016-09-07</subfield>
    <subfield code="e">Instituto</subfield>
    <subfield code="g">39000.00</subfield>
    <subfield code="l">0</subfield>
    <subfield code="o">LB-577.54 C35e</subfield>
    <subfield code="p">040648</subfield>
    <subfield code="r">2016-09-07 00:00:00</subfield>
    <subfield code="t">Ej. 1</subfield>
    <subfield code="w">2016-09-07</subfield>
    <subfield code="x">Donacion</subfield>
    <subfield code="y">LIBRO</subfield>
  </datafield>
</record>
